| 000 | 00982nam a2200289Ia 4500 | ||
|---|---|---|---|
| 005 | 20220316235302.0 | ||
| 008 | 121119s2003 mx a gr 000 0 spa | ||
| 020 | _a9682309530 | ||
| 041 | 1 | _aspa | |
| 082 | 0 | 4 |
_a940.252 _bB17E |
| 100 | 1 | _aBarudio, Gunter, | |
| 245 | 1 | 3 |
_aLa época del absolutismo y la ilustración (1648-1779) _cGunter Barudio ; traductor, Vicente Romano García |
| 250 | _aDécima primera edición | ||
| 264 | 1 |
_aMéxico _bSiglo XXI _c2003 |
|
| 300 |
_a467 páginas _bilustraciones |
||
| 336 |
_atexto _btxt _2rdacontent |
||
| 337 |
_asin mediación _bn _2rdamedia |
||
| 338 |
_avolumen _bnc _2rdacarrier |
||
| 490 | 0 | _aHistoria universal | |
| 650 | 1 | 4 |
_2LEMB _aIlustración _ySiglo XVIII |
| 650 | 1 | 4 |
_2LEMB _aHistoria de España _ySiglo XVIII |
| 651 | 4 |
_aEuropa _xHistoria _y1500-1700 _9117325 |
|
| 651 | 4 |
_aEuropa _xCivilización _917391 |
|
| 700 | 1 |
_aRomano García, Vicente _etraductor _9117326 |
|
| 942 |
_2ddc _cBK |
||
| 040 |
_aCO-BoRNBP _bspa _erda _cCO-BoRNBP |
||
| 999 |
_c496 _d496 |
||